|
|
|
|
| LEADER |
00000nam a22000007a 4500 |
| 005 |
20160520152417.0 |
| 007 |
cr|||| || |
| 008 |
160520s2015 sp ||||| |||| 00||0 spa d |
| 020 |
|
|
|a 978-84-9085-469-3
|
| 035 |
|
|
|a 14264
|
| 040 |
|
|
|a vLex
|
| 090 |
|
|
|c 6127
|d 6127
|
| 100 |
1 |
|
|a Bosch, Jordi
|
| 245 |
1 |
0 |
|a Cuestiones actuales de Derecho Cann̤ico y Derecho Eclesis̀tico del Estado
|h [Recurso electrn̤ico] /
|c Jordi Bosch
|
| 256 |
|
|
|a Servicio en ln̕ea
|
| 260 |
|
|
|a Madrid
|b Dykinson
|c 2015
|
| 300 |
|
|
|a 1 recurso electrn̤ico
|
| 500 |
|
|
|a Actas de las XXXIV Jornadas de Actualidad Cann̤ica, organizadas por la Asociacin̤ Espaǫla de Canonistas en Madrid, 23-25 de abril de 2014
|
| 506 |
1 |
|
|a Contenido solo disponible en los productos disponibles
|d vLex Global
|d vLex Global (Academic Edition, excluding Law Schools)
|d vLex Global (U.S. Academic Edition, Law Schools)
|d vLex Global (U.S. Academic Edition, excluding Law Schools)
|d vLex Global (Academic Edition, Law Schools)
|
| 650 |
0 |
4 |
|a Derecho eclesiastico
|z Madrid
|
| 740 |
0 |
|
|a vLex libros (servicio en ln̕ea)
|
| 856 |
|
|
|u http://vlex.com/source/cuestiones-actuales-derecho-canonico-derecho-eclesiastico-estado-14264
|z Acceso restringido
|
| 942 |
|
|
|c BOOK
|